|
|
|
|
| LEADER |
02505nam a2200529 4500 |
| 001 |
ocn844055510 |
| 003 |
OCoLC |
| 005 |
20170124070423.5 |
| 006 |
m o d |
| 007 |
cr cnu|||unuuu |
| 008 |
130522s2009 iau of 000 0 eng d |
| 040 |
|
|
|a DG1
|b eng
|c DG1
|d CUS
|d NOC
|d OCLCO
|d OCLCF
|d OCLCO
|d YDXCP
|d OCL
|d OCLCQ
|d GrThAP
|
| 019 |
|
|
|a 902649082
|
| 020 |
|
|
|a 9781118704288
|q (electronic bk.)
|
| 020 |
|
|
|a 1118704282
|q (electronic bk.)
|
| 020 |
|
|
|z 9781118693117
|
| 029 |
1 |
|
|a AU@
|b 000051629387
|
| 029 |
1 |
|
|a GBVCP
|b 790207877
|
| 029 |
1 |
|
|a NZ1
|b 15340611
|
| 029 |
1 |
|
|a DEBBG
|b BV043395917
|
| 035 |
|
|
|a (OCoLC)844055510
|z (OCoLC)902649082
|
| 050 |
|
4 |
|a HV41.2
|b .E53 2009
|
| 082 |
0 |
4 |
|a 658.15/224
|2 23
|
| 049 |
|
|
|a MAIN
|
| 245 |
0 |
0 |
|a Endowment builder :
|b practical ideas for securing endowment gifts.
|
| 250 |
|
|
|a 2nd ed.
|
| 264 |
|
1 |
|a Sioux City, Iowa :
|b Stevenson, Inc.,
|c [2009]
|
| 264 |
|
4 |
|c ©2009
|
| 300 |
|
|
|a 1 online resource (70 pages)
|
| 336 |
|
|
|a text
|b txt
|2 rdacontent
|
| 337 |
|
|
|a computer
|b c
|2 rdamedia
|
| 338 |
|
|
|a online resource
|b cr
|2 rdacarrier
|
| 500 |
|
|
|a "Edited by Scott C. Stevenson."--Running title area.
|
| 505 |
0 |
|
|a Set the Stage for Building Your Endowment -- Awareness Building and Education Measures -- Identify Endowment Funding Opportunities -- Prospect Identification Ideas and Strategies -- Strategies for Marketing Endowment Gifts -- Cultivation: Building the Case for Support -- Advice on Soliciting and Closing Endowment Gifts -- Starting and Adding to Named Endowments -- Marketing Planned Gifts as a Way to Build Endowment -- Ways to Recognize and Steward Endowment Donors -- Useful Endowment Reports, Forms and Policies.
|
| 588 |
0 |
|
|a Online resource; title from PDF title page (Wiley; viewed on May 22, 2013).
|
| 650 |
|
0 |
|a Fund raising
|v Handbooks, manuals, etc.
|
| 650 |
|
0 |
|a Endowments
|v Handbooks, manuals, etc.
|
| 650 |
|
0 |
|a Nonprofit organizations
|x Finance
|v Handbooks, manuals, etc.
|
| 650 |
|
7 |
|a Endowments.
|2 fast
|0 (OCoLC)fst00909854
|
| 650 |
|
7 |
|a Fund raising.
|2 fast
|0 (OCoLC)fst00936143
|
| 650 |
|
7 |
|a Nonprofit organizations
|x Finance.
|2 fast
|0 (OCoLC)fst01038899
|
| 655 |
|
4 |
|a Electronic books.
|
| 655 |
|
7 |
|a Handbooks and manuals.
|2 fast
|0 (OCoLC)fst01423877
|
| 700 |
1 |
|
|a Stevenson, Scott C.
|
| 776 |
0 |
8 |
|i Print version:
|t Endowment Builder.
|d Sioux City, Iowa : Stevenson, Inc., ©2009
|z 9781118693117
|w (OCoLC)832261934
|
| 856 |
4 |
0 |
|u https://doi.org/10.1002/9781118704288
|z Full Text via HEAL-Link
|
| 994 |
|
|
|a 92
|b DG1
|